00509nam a2200145Ia 4500008004100000082001800041100002200059245004600081260003900127300000800166650001600174942001200190999001500202952014600217191201s2004 xx 000 0 und d a621.3822bLUF aLUDEMAN, Lonnie C 0aFundamentals of Digital Signal Processing aN.DelhibJohn Wiley and Sonsc2004 a330 aB.Tech(ECE) 2ddccBK c2188d2188 00102ddc40708BTECHECEaPIETbPIETd2006-08-25eM/s UDH, Delhig350.00k125382l0o621.3822 LUFp4023r2019-12-04 00:00:00w2005-08-23yBK